000 00537nam a2200157 a 4500
001 000036955
005 20200930080038.0
008 120207s2005 pr 000 0 spa d
040 _aDO-SdBNP
_bspa
_cBNPHU
082 _axxxx
_bM722p
100 1 _aMolina, Antonio J.
_933292
245 1 0 _aPadre Manuel Foyaca :
_bpionero de la justicia social cristiana en las Américas /
_cAntonio J. Molina.
260 _aSan Juan de Puerto Rico :
_bCentro de Cultura Unesco,
_c2005.
300 _a62 p. :
_bils ;
_c22 cm.
504 _aIncluye bibliografĂ­a
999 _c36445
_d36445